[Event "SWE-chT 1920 Superettan"]
[Site "Sweden"]
[Date "2020.02.01"]
[Round "5"]
[White "Kenneskog, Theodor"]
[Black "Andersson, Goran L"]
[Result "0-1"]
[WhiteElo "2278"]
[BlackElo "2275"]
[PlyCount "64"]
[EventDate "2019.10.18"]
[EventType "team-tourn"]
[EventRounds "9"]
[EventCountry "SWE"]
[SourceTitle "EXT 2023"]
[Source "ChessBase"]
[SourceDate "2022.10.05"]
[SourceVersion "1"]
[SourceVersionDate "2022.10.05"]
[SourceQuality "1"]
[WhiteTeam "Stockholm Rockaden II"]
[BlackTeam "Kristallen"]
[WhiteTeamCountry "SWE"]
[BlackTeamCountry "SWE"]

1. c4 e6 2. Nc3 d5 3. d4 Bb4 4. a3 Bxc3+ 5. bxc3 dxc4 6. e3 Qd5 7. Nf3 b5 8. g3 Bb7 9. Bg2 c5 10. 0-0 Nf6 11. Rb1 Bc6 12. a4 bxa4 13. Ba3 Nbd7 14. e4 Nxe4 15. Nd2 f5 16. Re1 Ndf6 17. Bxc5 Kf7 18. Qc2 Rhb8 19. Rxb8 Rxb8 20. Bxa7 Rb3 21. Nxb3 cxb3 22. Qb2 Qa5 23. Bb8 Bd5 24. Qa3 Qxc3 25. Rf1 Qxd4 26. Bf4 Nc3 27. Be3 Ne2+ 28. Kh1 Bxg2+ 29. Kxg2 Qe4+ 30. Kh3 f4 31. Bc5 Qf5+ 32. Kg2 f3+ 0-1

[Event "Rilton Cup 49th"]
[Site "Stockholm"]
[Date "2019.12.30"]
[Round "4"]
[White "Andersson, Goran L"]
[Black "Cherepov, Alexej"]
[Result "0-1"]
[WhiteElo "2282"]
[BlackElo "2184"]
[PlyCount "60"]
[EventDate "2019.12.27"]
[EventType "swiss"]
[EventRounds "9"]
[EventCountry "SWE"]
[SourceTitle "CBM 194 Extra"]
[Source "ChessBase"]
[SourceDate "2020.03.31"]
[SourceVersion "1"]
[SourceVersionDate "2020.03.31"]
[SourceQuality "1"]

1. d4 d5 2. Bf4 Nf6 3. e3 c5 4. Nf3 Nc6 5. Nbd2 Qb6 6. dxc5 Qxb2 7. Rb1 Qc3 8. Bb5 a6 9. Bxc6+ bxc6 10. 0-0 e6 11. Be5 Qxc5 12. c4 Be7 13. Qa4 0-0 14. Rfc1 Bd7 15. Bxf6 Bxf6 16. cxd5 Qxd5 17. Ne4 Qf5 18. Rb7 Rfd8 19. h4 Be8 20. Ng3 Qd3 21. Qf4 Qa3 22. Rc4 Be7 23. Nh5 Rd1+ 24. Kh2 Bd6 25. Ne5 Rd5 26. Re4 Rxe5 27. Rxe5 Qc3 28. Rg5 Bxf4+ 29. exf4 g6 30. f5 exf5 0-1

[Event "SWE-chT 1920 Superettan"]
[Site "Sweden"]
[Date "2019.10.20"]
[Round "3"]
[White "Andersson, Goran L"]
[Black "Pham, Bich Ngoc"]
[Result "0-1"]
[WhiteElo "2275"]
[BlackElo "2244"]
[PlyCount "138"]
[EventDate "2019.10.18"]
[EventType "team-tourn"]
[EventRounds "9"]
[EventCountry "SWE"]
[SourceTitle "EXT 2023"]
[Source "ChessBase"]
[SourceDate "2022.10.05"]
[SourceVersion "1"]
[SourceVersionDate "2022.10.05"]
[SourceQuality "1"]
[WhiteTeam "Kristallen"]
[BlackTeam "Orgryte"]
[WhiteTeamCountry "SWE"]
[BlackTeamCountry "SWE"]

1. e4 g6 2. d4 Bg7 3. Nc3 d6 4. Be3 Nc6 5. d5 Nb8 6. Qd2 c5 7. h3 Qa5 8. g4 Nf6 9. a4 h5 10. g5 Nh7 11. Nb5 Qxd2+ 12. Kxd2 Na6 13. c3 0-0 14. Bd3 f5 15. gxf6 Nxf6 16. f3 Bd7 17. h4 Rfc8 18. Bc4 Be8 19. Nh3 Nb8 20. a5 Nbd7 21. Ng5 Ne5 22. Be2 Bd7 23. Rac1 Nh7 24. Na3 Rf8 25. Rhf1 Nxg5 26. Bxg5 Rf7 27. Nc4 Bh3 28. Nxe5 Bxe5 29. Rg1 Kg7 30. Ke3 Raf8 31. b4 b6 32. axb6 axb6 33. Kd2 e6 34. Rh1 Rxf3 35. Bxf3 Rxf3 36. Rxh3 Rxh3 37. dxe6 Rf3 38. bxc5 dxc5 39. Ke2 Rf8 40. e7 Re8 41. Rf1 Bd6 42. Rd1 Bxe7 43. Rd7 Kf8 44. Ke3 Bxg5+ 45. hxg5 Rb8 46. Rc7 Kg8 47. c4 h4 48. Rc6 Kf7 49. Rc7+ Ke6 50. Rg7 h3 51. Rxg6+ Ke5 52. Rh6 Ra8 53. g6 Ra3+ 54. Kf2 Kf6 55. g7+ Kxg7 56. Rxb6 Rc3 57. Rc6 Rxc4 58. Kg3 Rc3+ 59. Kh2 c4 60. e5 Kf7 61. e6+ Ke7 62. Kh1 Rc2 63. Kg1 c3 64. Kh1 Kf6 65. Kg1 Ke7 66. Kh1 Rc1+ 67. Kh2 c2 68. Rc3 Kxe6 69. Rxh3 Rd1 0-1

[Event "SWE-chT 1718 Superettan"]
[Site "Sweden"]
[Date "2018.01.14"]
[Round "5"]
[White "Andersson, Goran L"]
[Black "Grigorov, Grigor"]
[Result "1-0"]
[WhiteElo "2226"]
[BlackElo "2507"]
[PlyCount "91"]
[EventDate "2017.10.20"]
[EventType "team-tourn"]
[EventRounds "9"]
[EventCountry "SWE"]
[SourceTitle "EXT 2019"]
[Source "ChessBase"]
[SourceDate "2018.10.10"]
[SourceVersion "1"]
[SourceVersionDate "2018.10.10"]
[SourceQuality "1"]
[WhiteTeam "Kristallens"]
[BlackTeam "Wasa"]
[WhiteTeamCountry "SWE"]
[BlackTeamCountry "SWE"]

1. d4 d5 2. Bf4 Nf6 3. e3 e6 4. Nd2 Bd6 5. Bg3 0-0 6. Ngf3 c5 7. c3 b6 8. Bd3 Ba6 9. Bxa6 Nxa6 10. Ne5 Qc7 11. f4 Qb7 12. 0-0 Ne4 13. Nxe4 dxe4 14. f5 f6 15. Ng6 Rfd8 16. Bxd6 Rxd6 17. Nh4 e5 18. Qb3+ Qf7 19. dxe5 fxe5 20. Qa4 Qb7 21. Qc4+ Kh8 22. f6 g6 23. Rad1 b5 24. Qe2 Rxd1 25. Qxd1 Qf7 26. Qd6 Nc7 27. Qxc5 Nd5 28. b3 Re8 29. c4 Nxf6 30. Qxb5 Kg7 31. Qa5 Qd7 32. h3 Qe7 33. Qe1 Nh5 34. g4 Nf6 35. Qf2 Nd7 36. Ng2 Nc5 37. g5 Qd7 38. Qf6+ Kg8 39. h4 Nd3 40. Kh2 a5 41. h5 gxh5 42. g6 Rb8 43. gxh7+ Kxh7 44. Rf5 Qe8 45. Qh4 Rb6 46. Qxe4 1-0

[Event "WchT Seniors 65"]
[Site "Dresden"]
[Date "2015.03.02"]
[Round "8.2"]
[White "Balashov, Yuri S"]
[Black "Andersson, Goran L"]
[Result "1-0"]
[WhiteElo "2432"]
[BlackElo "2185"]
[PlyCount "53"]
[EventDate "2015.02.24"]
[EventType "team-swiss"]
[EventRounds "9"]
[EventCountry "GER"]
[SourceTitle "CBM 165 Extra"]
[Source "ChessBase"]
[SourceDate "2015.04.21"]
[SourceVersion "1"]
[SourceVersionDate "2015.04.21"]
[SourceQuality "1"]
[WhiteTeam "Russia"]
[BlackTeam "Sweden"]
[WhiteTeamCountry "RUS"]
[BlackTeamCountry "SWE"]

1. Nf3 c5 2. g3 Nc6 3. Bg2 g6 4. 0-0 Bg7 5. d3 e6 6. e4 Nge7 7. Nbd2 0-0 8. Re1 d5 9. c3 b6 10. e5 Qc7 11. Qe2 Ba6 12. h4 Rae8 13. Nf1 d4 14. c4 b5 15. b3 bxc4 16. bxc4 Rb8 17. Bf4 Rb4 18. N1h2 Rfb8 19. Ng4 Rb2 20. Qd1 Kh8 21. Nf6 Ng8 22. Ng5 Bxf6 23. exf6 e5 24. Rxe5 Nxe5 25. Bxe5 Qd7 26. Bxb8 Rxb8 27. Qa4 1-0

[Event "SWE-chT2 1314"]
[Site "Sweden"]
[Date "2014.03.07"]
[Round "7"]
[White "Renman, Nils Gustaf"]
[Black "Andersson, Goran L"]
[Result "0-1"]
[WhiteElo "2342"]
[BlackElo "2180"]
[PlyCount "72"]
[EventDate "2013.11.22"]
[EventType "team-tourn"]
[EventRounds "9"]
[EventCountry "SWE"]
[SourceTitle "EXT 2015"]
[Source "ChessBase"]
[SourceDate "2014.11.20"]
[SourceVersion "1"]
[SourceVersionDate "2014.11.20"]
[SourceQuality "1"]
[WhiteTeam "Norrkoping Schack 08"]
[BlackTeam "Manhem II"]
[WhiteTeamCountry "SWE"]
[BlackTeamCountry "SWE"]

1. d4 Nf6 2. Nf3 e6 3. c4 c5 4. d5 exd5 5. cxd5 d6 6. Nc3 g6 7. e4 Bg7 8. Nd2 0-0 9. Be2 Nbd7 10. 0-0 Re8 11. Qc2 Ne5 12. Re1 Nh5 13. Nf1 a6 14. Bxh5 gxh5 15. Bf4 Qf6 16. Bxe5 Rxe5 17. Re3 h4 18. Ne2 Rg5 19. f4 Rg6 20. f5 Rg5 21. Rb1 Bd7 22. Nd2 Qh6 23. Ra3 Re8 24. Nf3 Rg4 25. e5 dxe5 26. h3 Rb4 27. Qxc5 Rb5 28. Qc2 Rxd5 29. Nc3 Rc5 30. Qf2 Rc4 31. Re1 e4 32. Qf1 exf3 33. Rxe8+ Bxe8 34. Qxc4 Qc1+ 35. Kf2 Qxb2+ 36. Kxf3 Qxa3 0-1

[Event "SWE-chT2 1314"]
[Site "Sweden"]
[Date "2013.11.24"]
[Round "3"]
[White "Andersson, Goran L"]
[Black "Malmstig, Erik"]
[Result "1-0"]
[WhiteElo "2180"]
[BlackElo "2265"]
[PlyCount "137"]
[EventDate "2013.11.22"]
[EventType "team-tourn"]
[EventRounds "9"]
[EventCountry "SWE"]
[SourceTitle "EXT 2015"]
[Source "ChessBase"]
[SourceDate "2014.11.20"]
[SourceVersion "1"]
[SourceVersionDate "2014.11.20"]
[SourceQuality "1"]
[WhiteTeam "Manhem II"]
[BlackTeam "Umea Rockaden"]
[WhiteTeamCountry "SWE"]
[BlackTeamCountry "SWE"]

1. e4 e5 2. Nf3 Nc6 3. Bb5 a6 4. Ba4 Bc5 5. 0-0 b5 6. Bb3 d6 7. c3 Bb6 8. a4 Rb8 9. Na3 Na5 10. Bc2 c6 11. d3 Nf6 12. b4 Nb7 13. Bb2 Qe7 14. d4 0-0 15. c4 exd4 16. Nxd4 Bxd4 17. Qxd4 bxa4 18. Qc3 a5 19. bxa5 Nxa5 20. Rfe1 Nb3 21. Rab1 Re8 22. e5 dxe5 23. Qxe5 Qxe5 24. Bxe5 Ra8 25. Bxf6 Rxe1+ 26. Rxe1 gxf6 27. Re8+ Kg7 28. Kf1 Bb7 29. Rxa8 Bxa8 30. Ke1 c5 31. f3 Bc6 32. Bxb3 axb3 33. Kd2 Kf8 34. Kc3 Ba4 35. Kb2 Ke7 36. Nb1 Kd6 37. Nc3 Bc6 38. Kxb3 Ke5 39. Ne2 f5 40. Kc3 f4 41. Nc1 Ba4 42. Nd3+ Kd6 43. Nxf4 Bd1 44. Kd2 Bb3 45. Kd3 Ke5 46. Nd5 Ba4 47. Nc3 Bc6 48. Ke3 f5 49. g3 Bb7 50. Na4 Ba6 51. Nb2 Bb7 52. Nd3+ Kd6 53. Kf4 Ba6 54. Ne5 Ke6 55. h4 h5 56. Nd3 Kd6 57. Nb2 Bb7 58. Nd3 Ba6 59. Kxf5 Bxc4 60. Nxc5 Kxc5 61. g4 Bd5 62. gxh5 Bxf3 63. h6 Bd1 64. Kf6 Bc2 65. Kg7 Kd5 66. h7 Bxh7 67. Kxh7 Ke6 68. Kg7 Kf5 69. h5 1-0

[Event "SWE-chT2 1314"]
[Site "Sweden"]
[Date "2013.11.23"]
[Round "2"]
[White "Lyrberg, Patrik"]
[Black "Andersson, Goran L"]
[Result "1-0"]
[WhiteElo "2442"]
[BlackElo "2180"]
[PlyCount "65"]
[EventDate "2013.11.22"]
[EventType "team-tourn"]
[EventRounds "9"]
[EventCountry "SWE"]
[SourceTitle "EXT 2015"]
[Source "ChessBase"]
[SourceDate "2014.11.20"]
[SourceVersion "1"]
[SourceVersionDate "2014.11.20"]
[SourceQuality "1"]
[WhiteTeam "Kungstornet"]
[BlackTeam "Manhem II"]
[WhiteTeamCountry "SWE"]
[BlackTeamCountry "SWE"]

1. Nf3 c5 2. e4 e6 3. d4 cxd4 4. Nxd4 a6 5. Be3 Nf6 6. Nc3 Bb4 7. Bd3 Qc7 8. 0-0 Bxc3 9. bxc3 Qxc3 10. e5 Nd5 11. Qg4 g6 12. Bh6 Nc6 13. Nxc6 dxc6 14. Rfe1 Bd7 15. Qh4 c5 16. Rad1 Bc6 17. Be4 Qc4 18. Bg7 Rg8 19. Bf6 h5 20. a3 b5 21. Re3 Kd7 22. Bg5 Kc7 23. Rf3 Rg7 24. h3 Rc8 25. Re1 b4 26. axb4 cxb4 27. Qg3 Kb8 28. Bd3 Qc3 29. Rb1 Qc5 30. Bxa6 Rc7 31. c4 Nb6 32. Rfb3 Ra7 33. Be3 1-0

[Event "SWE-chT2 1314"]
[Site "Sweden"]
[Date "2013.11.22"]
[Round "1"]
[White "Johansson, Gunnar"]
[Black "Andersson, Goran L"]
[Result "1-0"]
[WhiteElo "2238"]
[BlackElo "2180"]
[PlyCount "145"]
[EventDate "2013.11.22"]
[EventType "team-tourn"]
[EventRounds "9"]
[EventCountry "SWE"]
[SourceTitle "EXT 2015"]
[Source "ChessBase"]
[SourceDate "2014.11.20"]
[SourceVersion "1"]
[SourceVersionDate "2014.11.20"]
[SourceQuality "1"]
[WhiteTeam "Solna"]
[BlackTeam "Manhem II"]
[WhiteTeamCountry "SWE"]
[BlackTeamCountry "SWE"]

1. d4 Nf6 2. c4 c5 3. d5 e6 4. Nc3 exd5 5. cxd5 d6 6. e4 g6 7. h3 Bg7 8. Nf3 0-0 9. Bd3 a6 10. a4 Nbd7 11. 0-0 Re8 12. Re1 Qc7 13. Bf4 b6 14. Rc1 Bb7 15. Bc4 Nh5 16. Bg5 Ne5 17. Nxe5 Bxe5 18. Qd2 Nf6 19. Bd3 Nd7 20. Bf1 Bg7 21. Kh1 f6 22. Bf4 Re7 23. f3 Rae8 24. Ne2 Ne5 25. Nd4 Qd7 26. Ne6 Bh8 27. b4 Qxa4 28. b5 axb5 29. Ra1 Qb4 30. Qxb4 cxb4 31. Bxb5 Rc8 32. Bxe5 fxe5 33. Reb1 Bf6 34. Rxb4 Rb8 35. Rc4 Kf7 36. Rac1 Ra8 37. Rc7 Ra5 38. Nd8+ Kf8 39. Nxb7 Rxb5 40. Rc8+ Kg7 41. Nxd6 Rb2 42. Ne8+ Kf7 43. Nxf6 Kxf6 44. R1c6+ Kg5 45. Rb8 b5 46. Rcb6 Ra7 47. Rxb5 Rd2 48. Rb2 Rd1+ 49. Kh2 h5 50. h4+ Kxh4 51. Re8 Raa1 52. g3+ Kg5 53. Rxe5+ Kh6 54. f4 Rh1+ 55. Kg2 Rhg1+ 56. Kf2 Rgf1+ 57. Ke2 Rfe1+ 58. Kd2 Rg1 59. Rg5 Rgd1+ 60. Kc3 Ra3+ 61. Rb3 Raa1 62. Kc4 Rac1+ 63. Rc3 Ra1 64. Kc5 Ra4 65. Rc4 Ra6 66. Re5 Rd3 67. Re6 Rxe6 68. dxe6 Kg7 69. Rd4 Rxg3 70. Kd6 Ra3 71. Ke5 h4 72. Rd7+ Kf8 73. Kf6 1-0